Ley de titulación de tierras de las reservas del Estado /
Na minha lista:
| Autor Corporativo: | |
|---|---|
| Formato: | Desconhecido |
| Publicado em: |
San José:
Costa Rica
|
| Tags: |
Adicionar Tag
Sem tags, seja o primeiro a adicionar uma tag!
|
MARC
| LEADER | 00000 a2200000 04500 | ||
|---|---|---|---|
| 001 | 44499 | ||
| 003 | |||
| 008 | 991231s d | ||
| 040 | |a CRAI/IIS |c CRAI/IIS | ||
| 090 | |a 07.02.01 CR8375l | ||
| 110 | |a Costa Rica. Ministerio de Agricultura y Ganadería. Consejo Agropecuario Nacional | ||
| 245 | |a Ley de titulación de tierras de las reservas del Estado / |c Ministerio de Agricultura y Ganadería. Consejo Agropecuario Nacional de Costa Rica | ||
| 260 | |a San José: |b Costa Rica | ||
| 300 | |a 5 páginas | ||
| 999 | |c 18518 |d 18518 | ||
